| 000 | 00788cam a22002411 4500 | ||
|---|---|---|---|
| 008 | |||
| 049 | _aMAIN | ||
| 090 | 0 | _aQP551 | |
| 100 | 1 | _aSchroeder, Walter Adolph. | |
| 245 | 4 |
_aThe primary structure of proteins : _bprinciples and practices for the determination of amino acid sequence/ _cWalter A. Schroeder. |
|
| 260 |
_aNew York : _bHarper and Row, _cc1968. |
||
| 300 |
_axiv, 210 p. _bill. _c24 cm. |
||
| 440 | _aModern perspectives in biology. | ||
| 500 | _aIncludes index. | ||
| 504 | _aIncludes bibliographical references. | ||
| 650 | 0 | _aAmino acid sequence. | |
| 650 | 0 |
_aProteins _xAnalysis. |
|
| 907 |
_a.b10166531 _b18-12-06 _c28-06-05 |
||
| 003 | |||
| 005 | 20230123134026.0 | ||
| 040 | _cNUST | ||
| 942 |
_cBOOKS _kQP551 |
||
| 999 |
_c158728 _d158728 |
||